| 000 | 00791nam a2200217Ia 4500 | ||
|---|---|---|---|
| 003 | GCL | ||
| 008 | 140319s9999 xx 000 0 ara d | ||
| 040 |
_aGCL / _cGCL |
||
| 082 | 0 | 4 |
_a953.08 _bس ش |
| 100 | 1 | _aسمير على الخادم | |
| 245 | 1 | 0 |
_aالشرق الاسلامى والغرب المسيحى عبر العلاقات بين المدن الايطالية وشرقى البحرالمتوسط 1450_ 1517 / _cسمير على الخادم |
| 260 |
_a[S.N] : _bمؤسسة دار الريحانى للطباعة والنشر ، _c1989 |
||
| 300 | _a598 ص | ||
| 490 | _a | ||
| 650 | 0 | 4 | _aمصر |
| 650 | 0 | 4 | _aدولة المماليك |
| 650 | 0 | 4 | _aالفرنج |
| 650 | 0 | 4 | _aالحروب الصليبية |
| 650 | 0 | 4 | _aالتاريخ الاسلامى |
| 942 |
_2ddc _cBK |
||
| 999 |
_c42284 _d42284 |
||